LIBRARY ONLINE CATALOGUE

Grand central question : (Record no. 21701)

MARC details
000 -LEADER
fixed length control field 01162cam a2200337 i 4500
001 - CONTROL NUMBER
control field 18045377
003 - CONTROL NUMBER IDENTIFIER
control field OSt
005 - DATE AND TIME OF LATEST TRANSACTION
control field 20260617095723.0
008 - FIXED-LENGTH DATA ELEMENTS--GENERAL INFORMATION
fixed length control field 140224s2014 ilu b 000 0 eng
010 ## - LIBRARY OF CONGRESS CONTROL NUMBER
LC control number 2014003605
020 ## - INTERNATIONAL STANDARD BOOK NUMBER
International Standard Book Number 9780830836659
Qualifying information pbk. : alk. paper
035 ## - SYSTEM CONTROL NUMBER
System control number 18045377
040 ## - CATALOGING SOURCE
Original cataloging agency DLC
Language of cataloging eng
Transcribing agency DLC
Description conventions rda
Modifying agency DLC
042 ## - AUTHENTICATION CODE
Authentication code pcc
050 00 - LIBRARY OF CONGRESS CALL NUMBER
Classification number BR127
Item number .M87 2014
082 00 - DEWEY DECIMAL CLASSIFICATION NUMBER
Classification number 261.2
Edition number 23
100 1# - MAIN ENTRY--PERSONAL NAME
Personal name Murray, Abdu.
245 10 - TITLE STATEMENT
Title Grand central question :
Remainder of title answering the critical concerns of the major worldviews /
Statement of responsibility, etc. Abdu H. Murray ; foreword by Josh McDowell.
264 #1 - PRODUCTION, PUBLICATION, DISTRIBUTION, MANUFACTURE, AND COPYRIGHT NOTICE
Place of production, publication, distribution, manufacture Downers Grove, Illinois :
Name of producer, publisher, distributor, manufacturer InterVarsity Press,
Date of production, publication, distribution, manufacture, or copyright notice [2014]
300 ## - PHYSICAL DESCRIPTION
Extent 260 pages ;
Dimensions 21 cm
336 ## - CONTENT TYPE
Content type term text
Content type code txt
Source rdacontent
337 ## - MEDIA TYPE
Media type term unmediated
Media type code n
Source rdamedia
338 ## - CARRIER TYPE
Carrier type term volume
Carrier type code nc
Source rdacarrier
504 ## - BIBLIOGRAPHY, ETC. NOTE
Bibliography, etc Includes bibliographical references.
583 ## - ACTION NOTE
Action Cataloguing:
Time/date of action 20260617
Action agent gtanuigtanui
650 #0 - SUBJECT ADDED ENTRY--TOPICAL TERM
Topical term or geographic name as entry element Christianity and other religions.
650 #0 - SUBJECT ADDED ENTRY--TOPICAL TERM
Topical term or geographic name as entry element Religions.
906 ## - LOCAL DATA ELEMENT F, LDF (RLIN)
a 7
b cbc
c orignew
d 1
e ecip
f 20
g y-gencatlg
942 ## - ADDED ENTRY ELEMENTS (KOHA)
Source of classification or shelving scheme Library of Congress Classification
Koha item type General Collection
Holdings
Withdrawn status Lost status Source of classification or shelving scheme Not for loan Home library Current library Shelving location Date acquired Source of acquisition Inventory number Total Checkouts Full call number Barcode Date last seen Copy number Price effective from Koha item type
    Library of Congress Classification   Kabarak, Main Campus Kabarak, Main Campus General Stacks 17/06/2026 Donation 2026/4440   BR127 .M87 2014 C.1 38120 17/06/2026 C.1 17/06/2026 General Collection